Sustainability in the hospitality industry: Principles of sustainable operations (Record no. 24593)

MARC details
000 -LEADER
fixed length control field 00524nam a2200181Ia 4500
008 - FIXED-LENGTH DATA ELEMENTS--GENERAL INFORMATION
fixed length control field 230917s9999||||xx |||||||||||||| ||und||
020 ## - ISBN
Price GBP43.99
040 ## - CATALOGING SOURCE
-- 243422
Original cataloging agency VIVEKANANDA LIBRARY
041 ## - Language
-- English
082 ## - DDC NUMBER
Classification number 647.94 S52S(3)
100 ## - MAIN ENTRY--PERSONAL NAME
Personal name Legrand, Willy
245 #0 - TITLE STATEMENT
Title Sustainability in the hospitality industry: Principles of sustainable operations
250 ## - EDITION STATEMENT
Edition statement 3rd ed.
260 ## - PUBLICATION, DISTRIBUTION, ETC. (IMPRINT)
Place of publication, distribution, etc London
Name of publisher, distributor, etc Routledge
Date of publication, distribution, etc 2017
300 ## - PHYSICAL DESCRIPTION
Pages xxiii, 524 p.
500 ## - GENERAL NOTE
General note 2933 20/11/2017 RBP17/67910 24/11/2017 IHTM (SFS)
942 ## - ADDED ENTRY ELEMENTS (KOHA)
Koha item type Books
Holdings
Withdrawn status Lost status Damaged status Not for loan Location (home branch) Sublocation or collection (holding branch) Shelving location Date acquired Koha issues (times borrowed) Koha full call number Accession No. Koha date last seen Koha item type
        VIVEKANANDA LIBRARY VIVEKANANDA LIBRARY IHTM Library 16/02/2018   647.94 S52S(3) 363916 17/09/2023 Books
        VIVEKANANDA LIBRARY VIVEKANANDA LIBRARY IHTM Library 16/02/2018   647.94 S52S(3) 364032 17/09/2023 Books
© Designed and Maintained by Vivekananda Library, MDU Rohtak